Príliš vtipné texty zostarnú najskôr s grafikom a karikaturistom Ferom Jablonovským sa zhováral Peter Macsovszky

Podrobná bibliografia
Hlavní autori: Macsovszky, Peter, 1966- (ain), Jablonovský, František, 1956- (Autor, uin)
Médium: Článok
Jazyk:slovenčina
Fyzický popis:Fotogr.
ISSN:1335-468X
Predmet:

MARC

LEADER 00000nab a2200000 a 4500
001 vtls000871548
003 SK-MaSNL
005 20260303231902.0
008 180205c2004 xo 0 slo
015 |a SNBRB2004/05-13857 
035 |a CLN000223100 
040 |a SNKBUCL  |b slo  |c SNKBUCL  |e AACR2 
041 0 |a slo 
044 |a xo  |c SK 
080 |a 741.5.071.1  |2 UDC-MRF-SK2 
100 1 |a Macsovszky, Peter,  |d 1966-  |4 ain  |9 99036 
245 1 0 |a Príliš vtipné texty zostarnú najskôr  |b s grafikom a karikaturistom Ferom Jablonovským sa zhováral Peter Macsovszky 
300 |b Fotogr. 
600 1 7 |a Jablonovský, František,  |d 1956-  |2 snkbucl  |9 104698 
655 7 |a články z novín a časopisov  |2 snkbucl  |9 267496 
700 1 |a Jablonovský, František,  |d 1956-  |4 aut  |4 uin  |9 104698 
773 0 |x 1335-468X  |t Slovo. Spoločensko-politický týždenník  |g Roč. 6, č. 9 (2004), s. 15 
850 |a Slovenská národná knižnica v Martine 
852 |a SNK  |b KIS3GCP 
958 |a RBX 
999 |c 2269140  |d 2271070